[Event "Koge Foraars EMT 2011"]
[Site "Koge"]
[Date "2011.05.10"]
[Round "1.1"]
[White "Christensen, Verner"]
[Black "Vesterskov, Michael"]
[Result "1-0"]
[WhiteElo "1923"]
[BlackElo "1765"]
[PlyCount "69"]
[EventDate "2011.??.??"]
[WhiteTeam "Solrød Skakklub"]
[BlackTeam "Køge Skakklub"]

1. e4 c5 2. d4 cxd4 3. c3 e6 4. Nf3 a6 5. Bc4 Qc7 6. Bb3 dxc3 7. Nxc3 Bb4 8.
O-O Bxc3 9. bxc3 Ne7 10. Ba3 Nbc6 11. Bd6 Qa5 12. c4 b5 13. c5 Bb7 14. Qe2 Qb4
15. Rfd1 Na5 16. c6 Qc3 17. cxb7 Nxb7 18. Rac1 Qf6 19. e5 Qf4 20. Bxe7 Kxe7 21.
Rc7 Na5 22. Rdxd7+ Ke8 23. Re7+ Kf8 24. Rxf7+ Qxf7 25. Rxf7+ Kxf7 26. Ng5+ Ke7
27. Qg4 Nxb3 28. Qxe6+ Kd8 29. Nf7+ Kc7 30. Qd6+ Kb7 31. axb3 Rac8 32. h3 Rc1+
33. Kh2 Rhc8 34. Nd8+ Ka7 35. e6 1-0

[Event "Koge Foraars EMT 2011"]
[Site "Koge"]
[Date "2011.05.10"]
[Round "1.2"]
[White "Krogh, Peter Ove"]
[Black "Smidt-Nielsen, Henrik"]
[Result "0-1"]
[WhiteElo "1904"]
[BlackElo "1895"]
[PlyCount "94"]
[EventDate "2011.??.??"]
[WhiteTeam "Køge Skakklub"]
[BlackTeam "Køge Skakklub"]

1. c4 e6 2. Nc3 d5 3. e3 Nf6 4. Nf3 Be7 5. d4 O-O 6. Qc2 c6 7. b3 Qa5 8. Bd2
Qd8 9. Bd3 Nbd7 10. O-O Re8 11. Rfe1 a6 12. a4 c5 13. h3 b6 14. Rad1 Bb7 15.
cxd5 exd5 16. Ne5 Nf8 17. f4 Rc8 18. Qb1 cxd4 19. exd4 Ne6 20. Ne2 Ne4 21. Be3
Nf8 22. Bf2 Bb4 23. Rf1 Nd2 24. Rxd2 Bxd2 25. Bf5 Rc7 26. Qd3 Bb4 27. Qg3 f6
28. Nd3 Rxe2 29. Nxb4 a5 30. Nd3 Re8 31. Rd1 Bc8 32. Qg4 Bxf5 33. Qxf5 Qd7 34.
Qh5 Rc3 35. b4 g6 36. Qh4 Qf5 37. g4 Qe6 38. bxa5 bxa5 39. Nc5 Qc6 40. Be1 Rc2
41. Bxa5 Rxc5 42. dxc5 Qxc5+ 43. Kh1 Qxa5 44. Qxf6 Qxa4 45. Rf1 Re2 46. Qc3
Qe4+ 47. Rf3 Qb1+ 0-1

[Event "Koge Foraars EMT 2011"]
[Site "Koge"]
[Date "2011.05.10"]
[Round "1.3"]
[White "Andersen, Bjarne Hjorth"]
[Black "Stuhr, Finn"]
[Result "1-0"]
[WhiteElo "1992"]
[BlackElo "1726"]
[PlyCount "87"]
[EventDate "2011.??.??"]
[WhiteTeam "Køge Skakklub"]
[BlackTeam "Køge Skakklub"]

1. e4 e5 2. Nf3 Nc6 3. d4 exd4 4. Nxd4 Nxd4 5. Qxd4 b6 6. Bc4 Bb7 7. O-O Nf6 8.
Bg5 Bc5 9. Qe5+ Qe7 10. Bxf6 gxf6 11. Qxe7+ Kxe7 12. Nc3 Rhg8 13. Nd5+ Bxd5 14.
exd5 Rg4 15. Bd3 Rag8 16. g3 h5 17. Kg2 Rd4 18. Rae1+ Kd8 19. Re2 Bd6 20. b3 h4
21. Rfe1 Be5 22. Be4 hxg3 23. hxg3 c5 24. c3 Rxe4 25. Rxe4 Bxc3 26. R1e2 Be5
27. f4 Bd6 28. Kf3 f5 29. R4e3 b5 30. Rh2 Rg6 31. Rh5 Rf6 32. a4 a6 33. axb5 a5
34. b6 Kc8 35. Re8+ Kb7 36. Rd8 Kxb6 37. Rxd7 c4 38. bxc4 Kc5 39. Ra7 Kb4 40.
Ra6 Be7 41. Rxf6 Bxf6 42. Rxf5 Bd4 43. d6 Bb6 44. Rb5+ 1-0

[Event "Koge Foraars EMT 2011"]
[Site "Koge"]
[Date "2011.05.10"]
[Round "1.4"]
[White "Stærke, Bjarke Dahl"]
[Black "Hald, Morten Hansen"]
[Result "0-1"]
[WhiteElo "1449"]
[BlackElo "1651"]
[PlyCount "86"]
[EventDate "2011.??.??"]
[WhiteTeam "Køge Skakklub"]
[BlackTeam "Køge Skakklub"]

1. e4 e5 2. Nf3 Nc6 3. Bb5 a6 4. Ba4 Nf6 5. O-O b5 6. Bb3 d5 7. exd5 Nxd5 8.
Re1 Be7 9. Nxe5 Nd4 10. c3 Nxb3 11. Qxb3 Be6 12. Qc2 O-O 13. d4 Bd6 14. f4 Qf6
15. Qe4 Ne7 16. Be3 Bd5 17. Qc2 Be6 18. Nd2 Nd5 19. Qe4 Qe7 20. Ndf3 f6 21. f5
Bf7 22. Qg4 fxe5 23. Bh6 Be8 24. dxe5 Bc5+ 25. Kh1 Kh8 26. Bg5 Qf7 27. Qe4 Bc6
28. f6 Qe8 29. fxg7+ Kxg7 30. Qh4 Qg6 31. Nd4 Bxd4 32. cxd4 Rf5 33. Bf6+ Nxf6
34. exf6+ Rxf6 35. Re7+ Kf8 36. Re2 Kf7 37. Rc1 Qf5 38. Qe1 Re8 39. Re5 Rxe5
40. dxe5 Bxg2+ 41. Kg1 Rg6 42. Rxc7+ Ke8 43. h4 Bf1+ 0-1

[Event "Koge Foraars EMT 2011"]
[Site "Koge"]
[Date "2011.05.10"]
[Round "1.5"]
[White "Ambirk, Jan Robert"]
[Black "Larsen, Paul M"]
[Result "1/2-1/2"]
[WhiteElo "1833"]
[BlackElo "1654"]
[PlyCount "41"]
[EventDate "2011.??.??"]
[WhiteTeam "Vordingborg Skakklub"]
[BlackTeam "Haslev Skakklub"]

1. e4 c6 2. d4 d5 3. Nc3 dxe4 4. Nxe4 Nf6 5. Ng5 h6 6. N5f3 Bf5 7. Bc4 e6 8.
Ne2 Bd6 9. Ng3 Bg4 10. c3 Nbd7 11. Qe2 Nb6 12. Bb3 Qc7 13. Be3 Nbd5 14. Bxd5
Nxd5 15. Ne4 Bf4 16. g3 Bd6 17. h3 Bf5 18. Nxd6+ Qxd6 19. Ne5 Qc7 20. g4 Nxe3
21. Qxe3 1/2-1/2

[Event "Koge Foraars EMT 2011"]
[Site "Koge"]
[Date "2011.05.10"]
[Round "1.6"]
[White "Petersen, Henry"]
[Black "Orup, Kim Amdi"]
[Result "0-1"]
[WhiteElo "1189"]
[BlackElo "1816"]
[PlyCount "95"]
[EventDate "2011.??.??"]
[WhiteTeam "Køge Skakklub"]
[BlackTeam "Køge Skakklub"]

1. e4 e5 2. Nf3 d6 3. d4 Nc6 4. Bb5 Bd7 5. Nc3 Nf6 6. Bg5 Be7 7. Bxf6 Bxf6 8.
Nd5 Nxd4 9. Bxd7+ Kxd7 10. Nxd4 exd4 11. Qg4+ Ke8 12. O-O-O c6 13. Nxf6+ Qxf6
14. f4 c5 15. Rhe1 h5 16. Qf3 Rb8 17. e5 Qd8 18. exd6+ Kf8 19. Qd5 Rh6 20. Re7
Rf6 21. Qxh5 Qxd6 22. Re4 Rh6 23. Qe5 Qxe5 24. Rxe5 b6 25. h3 Re8 26. Rxe8+
Kxe8 27. Re1+ Kd7 28. Kd2 Re6 29. Rxe6 Kxe6 30. Kd3 Kd5 31. b3 b5 32. g4 c4+
33. bxc4+ bxc4+ 34. Kd2 Ke4 35. f5 Kf3 36. g5 Kg3 37. Ke2 Kxh3 38. Kf3 Kh4 39.
Ke4 d3 40. cxd3 cxd3 41. Kxd3 Kxg5 42. a4 Kxf5 43. Kc4 g5 44. Kb5 g4 45. Ka6 g3
46. Kxa7 g2 47. a5 g1=Q+ 48. Kb7 0-1

[Event "Koge Foraars EMT 2011"]
[Site "Koge"]
[Date "2011.05.10"]
[Round "1.7"]
[White "Christensen, Peter"]
[Black "Strømsgaard, Eske"]
[Result "1-0"]
[WhiteElo "1233"]
[BlackElo "1182"]
[PlyCount "71"]
[EventDate "2011.??.??"]
[WhiteTeam "Køge Skakklub"]
[BlackTeam "Køge Skakklub"]

1. d4 d5 2. c4 Nf6 3. cxd5 Nxd5 4. Nc3 e6 5. Nf3 Nd7 6. e4 Nxc3 7. bxc3 Be7 8.
Bd3 O-O 9. O-O b6 10. a4 a5 11. Qd2 Ba6 12. Rd1 Bxd3 13. Qxd3 h6 14. Be3 Nf6
15. c4 Ng4 16. Bd2 Nf6 17. Bc3 Qd7 18. h3 Rfd8 19. g4 Nh7 20. Ne5 Qe8 21. f4
Bd6 22. d5 f6 23. Nc6 Rd7 24. Qf3 Rf7 25. e5 fxe5 26. Nxe5 Rf8 27. Re1 exd5 28.
Qxd5+ Kh8 29. f5 Bxe5 30. Rxe5 Qf7 31. Qc6 Rad8 32. Rae1 Ng5 33. Re7 Qg8 34.
Qxh6+ Qh7 35. Qxg5 Rg8 36. Rxg7 1-0

[Event "Koge Foraars EMT 2011"]
[Site "Koge"]
[Date "2011.05.24"]
[Round "3.1"]
[White "Andersen, Bjarne Hjorth"]
[Black "Smidt-Nielsen, Henrik"]
[Result "1/2-1/2"]
[WhiteElo "1992"]
[BlackElo "1895"]
[PlyCount "147"]
[EventDate "2011.??.??"]
[WhiteTeam "Køge Skakklub"]
[BlackTeam "Køge Skakklub"]

1. e4 c5 2. Nf3 e6 3. d4 cxd4 4. Nxd4 a6 5. c4 Qc7 6. Nc3 Nc6 7. Be2 Nf6 8. O-O
Nxd4 9. Qxd4 Bc5 10. Qd3 O-O 11. Bg5 Be7 12. Rad1 Rd8 13. Qe3 b6 14. e5 Bc5 15.
Qg3 Ne8 16. Bxd8 Qxd8 17. Bf3 Rb8 18. Ne4 Be7 19. Rd2 Qc7 20. b3 f5 21. exf6
Qxg3 22. f7+ Kxf7 23. hxg3 Bb4 24. Rd3 Ke7 25. Rfd1 Nf6 26. Nd6 Bxd6 27. Rxd6
Nd5 28. Rxd7+ Bxd7 29. cxd5 exd5 30. Bxd5 a5 31. Be4 h6 32. f4 Rc8 33. Kf2 Rc5
34. Ke3 Bb5 35. Rd5 Rxd5 36. Bxd5 Kd6 37. Kd4 Bd7 38. a3 Bg4 39. b4 axb4 40.
axb4 Bd1 41. Be4 Be2 42. Ke3 Bd1 43. Bf3 Bc2 44. g4 Bb3 45. Kd4 Bc2 46. g3 Bb1
47. Kc4 Ba2+ 48. Kb5 Kc7 49. Be4 Bb3 50. Bf5 Ba2 51. Bd3 Bb3 52. Be4 Bd1 53.
Bf5 Bb3 54. g5 hxg5 55. fxg5 Bd5 56. Bd3 Be6 57. Be4 Bb3 58. g4 Be6 59. Bc2 Bd5
60. g6 Be6 61. Bf5 Bd5 62. g5 Bb3 63. Bd3 Bd5 64. Ka4 Kd6 65. Kb5 Kc7 66. Bc2
Be6 67. Ka4 Kd6 68. Bd3 Bd5 69. Kb5 Kc7 70. Bc4 Bc6+ 71. Ka6 Bb7+ 72. Ka7 Be4
73. Bf7 Bd3 74. Be8 1/2-1/2

[Event "Koge Foraars EMT 2011"]
[Site "Koge"]
[Date "2011.05.24"]
[Round "3.2"]
[White "Christensen, Verner"]
[Black "Orup, Kim Amdi"]
[Result "1/2-1/2"]
[WhiteElo "1923"]
[BlackElo "1816"]
[PlyCount "112"]
[EventDate "2011.??.??"]
[WhiteTeam "Solrød Skakklub"]
[BlackTeam "Køge Skakklub"]

1. e4 e5 2. Nc3 Nf6 3. Bc4 Nxe4 4. Qh5 Nd6 5. Bb3 g6 6. Qxe5+ Qe7 7. f4 Nc6 8.
Qxe7+ Nxe7 9. Nf3 Bg7 10. O-O Bxc3 11. dxc3 O-O 12. Ne5 Nc6 13. Nc4 Ne8 14. f5
Na5 15. Bh6 Nxb3 16. axb3 d6 17. Bxf8 Kxf8 18. Ne3 Bd7 19. fxg6 hxg6 20. Rf2
Be6 21. Raf1 Kg7 22. c4 c6 23. h3 Nc7 24. c3 Rf8 25. g4 d5 26. Rd2 Re8 27. Rg2
Rh8 28. Rg3 Kf8 29. Rd1 Ke7 30. cxd5 Nxd5 31. Nxd5+ Bxd5 32. Re3+ Be6 33. Kg2
Kf6 34. c4 Rc8 35. Kg3 b5 36. c5 a5 37. Rd6 Ke7 38. h4 Kf8 39. Kf4 Bd5 40. Kg5
Kg7 41. h5 gxh5 42. gxh5 Rg8 43. Re7 Kh7+ 44. Kf6 Kh6 45. Rxf7 Kxh5 46. Rh7+
Kg4 47. Rg7+ Rxg7 48. Kxg7 Kf5 49. Rxd5+ cxd5 50. Kf7 Ke5 51. Ke7 d4 52. c6 d3
53. c7 d2 54. c8=Q d1=Q 55. Qh8+ Ke4 56. Qh7+ Ke3 1/2-1/2

[Event "Koge Foraars EMT 2011"]
[Site "Koge"]
[Date "2011.05.24"]
[Round "3.3"]
[White "Vesterskov, Michael"]
[Black "Krogh, Peter Ove"]
[Result "1-0"]
[WhiteElo "1765"]
[BlackElo "1904"]
[PlyCount "95"]
[EventDate "2011.??.??"]
[WhiteTeam "Køge Skakklub"]
[BlackTeam "Køge Skakklub"]

1. d4 Nf6 2. Nf3 e6 3. Bg5 c5 4. e3 h6 5. Bh4 d5 6. Bb5+ Bd7 7. Bxd7+ Nbxd7 8.
O-O Rc8 9. Nbd2 Bd6 10. Qe2 Qb6 11. b3 Qc7 12. Rac1 cxd4 13. exd4 Ba3 14. Bg3
Qc3 15. Nb1 Qa5 16. Nxa3 Qxa3 17. c4 O-O 18. Ne5 Rfe8 19. Rc2 Nxe5 20. Bxe5
dxc4 21. Rxc4 b6 22. Rxc8 Rxc8 23. Bf4 Nd5 24. Be3 a6 25. h3 Rc6 26. Qd2 Nb4
27. Rc1 Nxa2 28. Ra1 Qxb3 29. Rxa2 b5 30. Rb2 Qc4 31. Rb1 Qd5 32. Rc1 Rd6 33.
Rc8+ Kh7 34. Qd3+ g6 35. Qd2 h5 36. Rc5 Qe4 37. f3 Qh4 38. Kh2 Qd8 39. Qc3 Rd7
40. Rc8 Qf6 41. Qc5 Qg7 42. g4 hxg4 43. hxg4 Rd5 44. Qe7 g5 45. Kg3 a5 46. Rc1
Kg6 47. Rh1 e5 48. Qxg5# 1-0

[Event "Koge Foraars EMT 2011"]
[Site "Koge"]
[Date "2011.05.24"]
[Round "3.4"]
[White "Christensen, Peter"]
[Black "Hald, Morten Hansen"]
[Result "0-1"]
[WhiteElo "1233"]
[BlackElo "1651"]
[PlyCount "46"]
[EventDate "2011.??.??"]
[WhiteTeam "Køge Skakklub"]
[BlackTeam "Køge Skakklub"]

1. d4 d5 2. c4 e5 3. dxe5 d4 4. a3 Nc6 5. Nf3 Bg4 6. Bf4 Bxf3 7. exf3 Qe7 8.
Bd3 Nxe5 9. O-O Nxd3 10. Qxd3 O-O-O 11. Nd2 Qf6 12. Bg3 h5 13. Ne4 Qg6 14. Rfd1
h4 15. Bf4 f5 16. Ng5 Be7 17. Qd2 h3 18. g4 fxg4 19. fxg4 d3 20. Re1 Qc6 21.
Re4 Bxg5 22. f3 Bxf4 23. Qxf4 Qb6+ 0-1

[Event "Koge Foraars EMT 2011"]
[Site "Koge"]
[Date "2011.05.24"]
[Round "3.5"]
[White "Petersen, Henry"]
[Black "Stærke, Bjarke Dahl"]
[Result "1/2-1/2"]
[WhiteElo "1189"]
[BlackElo "1449"]
[PlyCount "92"]
[EventDate "2011.??.??"]
[WhiteTeam "Køge Skakklub"]
[BlackTeam "Køge Skakklub"]

1. e4 e5 2. Nf3 Nc6 3. d4 exd4 4. Nxd4 Nxd4 5. Qxd4 Nf6 6. Bc4 c6 7. O-O d5 8.
exd5 cxd5 9. Re1+ Be6 10. Bb5+ Nd7 11. Nc3 a6 12. Ba4 b5 13. Bb3 Qf6 14. Qxf6
Nxf6 15. Nxd5 Be7 16. Nc7+ Kd7 17. Nxa8 Rxa8 18. Bxe6+ fxe6 19. Be3 Ke8 20.
Rad1 Kf7 21. a3 b4 22. axb4 Bxb4 23. c3 Be7 24. b4 Rc8 25. Bd4 Nd5 26. Rd3 Bf6
27. Bxf6 gxf6 28. Rc1 Ke7 29. g3 Nxb4 30. Rdd1 Nd5 31. c4 Nb6 32. Rc3 a5 33. f4
Rc5 34. Kf2 Rf5 35. Kf3 Rh5 36. h4 Rc5 37. h5 h6 38. Ke4 Rxh5 39. c5 Nd5 40.
Ra3 Rh2 41. Rdd3 Re2+ 42. Kd4 Nb4 43. Rdc3 Nc6+ 44. Kc4 Kd7 45. Kb5 Rb2+ 46.
Rcb3 Nd4+ 1/2-1/2

[Event "Koge Foraars EMT 2011"]
[Site "Koge"]
[Date "2011.05.19"]
[Round "3.6"]
[White "Larsen, Paul M"]
[Black "Strømsgaard, Eske"]
[Result "1-0"]
[WhiteElo "1654"]
[BlackElo "1182"]
[PlyCount "44"]
[EventDate "2011.??.??"]
[WhiteTeam "Haslev Skakklub"]
[BlackTeam "Køge Skakklub"]

1. Nf3 Nc6 2. c4 Nf6 3. Nc3 e5 4. e4 Bb4 5. Qc2 d6 6. a3 Bc5 7. Be2 Bg4 8. O-O
Bxf3 9. Bxf3 O-O 10. b4 Bd4 11. Bb2 a6 12. Ne2 Bxb2 13. Qxb2 b6 14. Rad1 Rb8
15. d4 exd4 16. Nxd4 Nxd4 17. Qxd4 Nd7 18. g3 c5 19. Qxd6 cxb4 20. axb4 Rc8 21.
Bg4 Rc7 22. Bxd7 Rxd7 1-0

[Event "Koge Foraars EMT 2011"]
[Site "Koge"]
[Date "2011.05.31"]
[Round "4.1"]
[White "Orup, Kim Amdi"]
[Black "Smidt-Nielsen, Henrik"]
[Result "*"]
[WhiteElo "1816"]
[BlackElo "1895"]
[PlyCount "68"]
[EventDate "2011.??.??"]
[WhiteTeam "Køge Skakklub"]
[BlackTeam "Køge Skakklub"]

1. e4 c5 2. f4 Nc6 3. Nf3 g6 4. Bb5 Bg7 5. Bxc6 bxc6 6. c3 d6 7. d3 e6 8. O-O
Ne7 9. Nbd2 O-O 10. h3 Rb8 11. g4 f5 12. Nh2 Ba6 13. Rf3 e5 14. fxe5 Bxe5 15.
Ndf1 fxe4 16. dxe4 d5 17. exd5 cxd5 18. Rb1 Qd6 19. Bh6 Bg7 20. Bxg7 Kxg7 21.
b3 Rxf3 22. Qxf3 Rf8 23. Qg3 Qxg3+ 24. Nxg3 Rf4 25. Rb2 d4 26. cxd4 Rxd4 27.
Kf2 Nd5 28. Nf3 Rf4 29. Ne2 Rf7 30. Kg3 Re7 31. Nf4 Ne3 32. Rf2 Nf1+ 33. Kg2
Ne3+ 34. Kg3 Nf1+ *

[Event "Koge Foraars EMT 2011"]
[Site "Koge"]
[Date "2011.05.31"]
[Round "4.2"]
[White "Vesterskov, Michael"]
[Black "Andersen, Bjarne Hjorth"]
[Result "*"]
[WhiteElo "1765"]
[BlackElo "1992"]
[PlyCount "71"]
[EventDate "2011.??.??"]
[WhiteTeam "Køge Skakklub"]
[BlackTeam "Køge Skakklub"]

1. d4 Nf6 2. c4 g6 3. Nc3 d5 4. cxd5 Nxd5 5. e4 Nxc3 6. bxc3 Bg7 7. Bc4 O-O 8.
Ne2 c5 9. O-O Qc7 10. Bf4 e5 11. dxe5 Bxe5 12. Bxe5 Qxe5 13. Qb3 Nc6 14. Bd5
Ne7 15. f4 Qc7 16. Rab1 Rb8 17. c4 Bd7 18. Qc3 Nxd5 19. cxd5 b5 20. Qf6 Rb6 21.
Qg5 Qd6 22. f5 Qf6 23. Qg3 Re8 24. Rf4 Kh8 25. fxg6 Qxg6 26. Qc3+ Kg8 27. Ng3
Qg7 28. Qxc5 Qe5 29. Rbf1 Rc8 30. Qf2 Be8 31. Rf5 Qc3 32. Nh5 Qc5 33. Qxc5 Rxc5
34. Nf6+ Kf8 35. Nxe8 Kxe8 36. Rxf7 *

[Event "Koge Foraars EMT 2011"]
[Site "Koge"]
[Date "2011.05.31"]
[Round "4.3"]
[White "Hald, Morten Hansen"]
[Black "Christensen, Verner"]
[Result "*"]
[WhiteElo "1651"]
[BlackElo "1923"]
[PlyCount "53"]
[EventDate "2011.??.??"]
[WhiteTeam "Køge Skakklub"]
[BlackTeam "Solrød Skakklub"]

1. e4 e5 2. f4 d5 3. exd5 e4 4. d3 Nf6 5. dxe4 Nxe4 6. Be3 Qh4+ 7. g3 Nxg3 8.
Nf3 Qe7 9. hxg3 Qxe3+ 10. Qe2 Qxe2+ 11. Bxe2 Bg4 12. Nbd2 Nd7 13. O-O-O O-O-O
14. Rh2 f6 15. Nd4 Bxe2 16. Rxe2 Nb6 17. c4 Bb4 18. b3 Nd7 19. Kb2 Bxd2 20.
Rdxd2 Rde8 21. Ne6 Re7 22. Re3 g6 23. Red3 f5 24. b4 Nf6 25. b5 Ne4 26. Re2
Rhe8 27. Rde3 *

[Event "Koge Foraars EMT 2011"]
[Site "Koge"]
[Date "2011.05.31"]
[Round "4.5"]
[White "Larsen, Paul M"]
[Black "Petersen, Henry"]
[Result "*"]
[WhiteElo "1654"]
[BlackElo "1189"]
[PlyCount "109"]
[EventDate "2011.??.??"]
[WhiteTeam "Haslev Skakklub"]
[BlackTeam "Køge Skakklub"]

1. Nf3 d5 2. d4 e6 3. e3 c5 4. c4 Nf6 5. Nc3 Nc6 6. cxd5 Nxd5 7. Bb5 Qc7 8. O-O
Nxc3 9. bxc3 a6 10. Bxc6+ Qxc6 11. Ne5 Qc7 12. Ba3 Bd6 13. f4 b5 14. Nd3 c4 15.
Bxd6 Qxd6 16. Nc5 Bd7 17. Qf3 O-O 18. e4 Rfc8 19. a3 Rxc5 20. dxc5 Qxc5+ 21.
Kh1 Bc6 22. Qe2 Rd8 23. Rad1 Rxd1 24. Rxd1 g6 25. Rd8+ Kg7 26. Qd2 Bxe4 27.
Qd4+ Qxd4 28. Rxd4 Bd5 29. Kg1 Kf6 30. g4 h6 31. Kf2 a5 32. Ke3 h5 33. h3 hxg4
34. hxg4 Ke7 35. Rd2 Kd6 36. Kd4 f6 37. Rh2 e5+ 38. Ke3 e4 39. Rh6 Bf7 40. Kxe4
Kc5 41. f5 gxf5+ 42. gxf5 b4 43. axb4+ axb4 44. Rxf6 Bd5+ 45. Ke5 b3 46. Rd6
Bg8 47. Rd2 Kb5 48. f6 Ka4 49. Rd8 b2 50. Rxg8 Kb3 51. Rb8+ Kxc3 52. f7 Kc2 53.
f8=Q c3 54. Qa3 Kb1 55. Qxc3 *

[Event "Koge Foraars EMT 2011"]
[Site "Koge"]
[Date "2011.05.31"]
[Round "4.6"]
[White "Krogh, Peter Ove"]
[Black "Christensen, Peter"]
[Result "*"]
[WhiteElo "1904"]
[BlackElo "1233"]
[PlyCount "49"]
[EventDate "2011.??.??"]
[WhiteTeam "Køge Skakklub"]
[BlackTeam "Køge Skakklub"]

1. c4 e6 2. Nc3 c6 3. e3 d5 4. Nf3 Nf6 5. b3 Bd6 6. g4 Nbd7 7. Bb2 Nxg4 8. Rg1
Nge5 9. Na4 Qf6 10. Be2 Nxf3+ 11. Bxf3 Ne5 12. Be2 Qh6 13. Qc2 Rg8 14. O-O-O g5
15. f4 Ng6 16. fxg5 Qf8 17. Rg2 Bd7 18. c5 Be7 19. Rdg1 e5 20. Bg4 Bxg4 21.
Rxg4 O-O-O 22. Qf5+ Kb8 23. Rf1 Bxc5 24. Qxf7 Qxf7 25. Rxf7 *

[Event "Koge Foraars EMT 2011"]
[Site "Koge"]
[Date "2011.06.07"]
[Round "5.1"]
[White "Smidt-Nielsen, Henrik"]
[Black "Vesterskov, Michael"]
[Result "0-1"]
[WhiteElo "1895"]
[BlackElo "1765"]
[PlyCount "86"]
[EventDate "2011.??.??"]
[WhiteTeam "Køge Skakklub"]
[BlackTeam "Køge Skakklub"]

1. e4 c5 2. Nf3 d6 3. d4 cxd4 4. Nxd4 a6 5. Nc3 Nf6 6. Be2 e6 7. a4 Be7 8. O-O
O-O 9. Be3 Qc7 10. f4 Nc6 11. Kh1 b6 12. Bf3 Bb7 13. Nb3 Nb4 14. Rf2 Rfc8 15.
Rd2 Rab8 16. Rc1 Nd7 17. Ne2 Nc5 18. Nxc5 bxc5 19. c3 Nc6 20. g4 Na5 21. Rdc2
Nb3 22. Ng3 Nxc1 23. Bxc1 Bc6 24. Rg2 Qb7 25. f5 Qd7 26. Nh5 d5 27. e5 d4 28.
f6 Bf8 29. Bxc6 Rxc6 30. Nxg7 Qd5 31. Qe1 c4 32. cxd4 Qxd4 33. Rd2 Bb4 34. Rxd4
Bxe1 35. Nh5 Rc5 36. Re4 Ba5 37. Kg2 Bc7 38. Nf4 Rb4 39. Ne2 Rxa4 40. Nc3 Rb4
41. Be3 Rxe5 42. Rxe5 Bxe5 43. g5 Rxb2+ 0-1

[Event "Koge Foraars EMT 2011"]
[Site "Koge"]
[Date "2011.06.07"]
[Round "5.2"]
[White "Andersen, Bjarne Hjorth"]
[Black "Orup, Kim Amdi"]
[Result "1-0"]
[WhiteElo "1992"]
[BlackElo "1816"]
[PlyCount "109"]
[EventDate "2011.??.??"]
[WhiteTeam "Køge Skakklub"]
[BlackTeam "Køge Skakklub"]

1. e4 e5 2. Nf3 d6 3. d4 Bg4 4. dxe5 Bxf3 5. Qxf3 dxe5 6. Bc4 Qf6 7. Qb3 b6 8.
O-O Bd6 9. Qa4+ c6 10. Nc3 Ne7 11. Qb3 Nd7 12. Be3 O-O 13. a4 Ng6 14. Rad1 Qe7
15. Rd2 Rad8 16. Rfd1 Nf6 17. f3 Bc7 18. Ne2 Rxd2 19. Rxd2 Rd8 20. Rd3 Rxd3 21.
cxd3 Nd7 22. g3 Kf8 23. Kg2 Bd6 24. d4 c5 25. d5 f6 26. Nc3 Qd8 27. Qb5 Ne7 28.
Qa6 Nc8 29. Nb5 Ke7 30. Nxa7 Nxa7 31. Qxa7 Qc7 32. Qxc7 Bxc7 33. Bb5 Nf8 34. b3
Kd6 35. f4 Bd8 36. Kf3 Ng6 37. Be8 Nf8 38. fxe5+ fxe5 39. Kg4 Ke7 40. Bb5 Kd6
41. h4 Be7 42. h5 h6 43. Kf5 Bf6 44. Bxh6 gxh6 45. Kxf6 Nh7+ 46. Kg6 Ng5 47.
Bd3 Ke7 48. Kxh6 Kf6 49. g4 Nf7+ 50. Kh7 Kg5 51. Kg7 Nd6 52. h6 Ne8+ 53. Kf7
Nf6 54. d6 Kxg4 55. h7 1-0

[Event "Koge Foraars EMT 2011"]
[Site "Koge"]
[Date "2011.06.07"]
[Round "5.3"]
[White "Larsen, Paul M"]
[Black "Hald, Morten Hansen"]
[Result "0-1"]
[WhiteElo "1654"]
[BlackElo "1651"]
[PlyCount "62"]
[EventDate "2011.??.??"]
[WhiteTeam "Haslev Skakklub"]
[BlackTeam "Køge Skakklub"]

1. Nf3 d5 2. d4 Nc6 3. e3 Nf6 4. c4 Bf5 5. Nc3 e6 6. a3 Be7 7. Be2 Ne4 8. O-O
Bf6 9. cxd5 Nxc3 10. bxc3 exd5 11. Nd2 O-O 12. c4 dxc4 13. Bxc4 Qd7 14. Bb2 Na5
15. Ba2 c5 16. e4 Bg4 17. f3 Bxd4+ 18. Bxd4 Qxd4+ 19. Kh1 Bd7 20. Nb3 Qxd1 21.
Raxd1 Nxb3 22. Rxd7 Na5 23. Rfd1 c4 24. Kg1 a6 25. Rc7 Rac8 26. Rdd7 b5 27.
Rxc8 Rxc8 28. Ra7 c3 29. Rxf7 Kh8 30. Bb1 Kg8 31. Ba2 Nc4 0-1

[Event "Koge Foraars EMT 2011"]
[Site "Koge"]
[Date "2011.06.07"]
[Round "5.4"]
[White "Christensen, Verner"]
[Black "Ambirk, Jan Robert"]
[Result "1/2-1/2"]
[WhiteElo "1923"]
[BlackElo "1833"]
[PlyCount "47"]
[EventDate "2011.??.??"]
[WhiteTeam "Solrød Skakklub"]
[BlackTeam "Vordingborg Skakklub"]

1. e4 e5 2. Nf3 Nc6 3. Bc4 Nf6 4. d4 Nxe4 5. Nc3 Nxc3 6. bxc3 d5 7. Bb5 e4 8.
Ne5 Bd7 9. Nxd7 Qxd7 10. O-O a6 11. Be2 Be7 12. f3 e3 13. Bxe3 O-O 14. f4 f5
15. Kh1 Rae8 16. Bd3 Bf6 17. Bd2 Na5 18. Qf3 b5 19. Rae1 Nc4 20. Bc1 Rxe1 21.
Rxe1 c6 22. Qh3 Re8 23. Qg3 Nd6 24. Rxe8+ 1/2-1/2

[Event "Koge Foraars EMT 2011"]
[Site "Koge"]
[Date "2011.06.07"]
[Round "5.6"]
[White "Stærke, Bjarke Dahl"]
[Black "Strømsgaard, Eske"]
[Result "1-0"]
[WhiteElo "1449"]
[BlackElo "1182"]
[PlyCount "99"]
[EventDate "2011.??.??"]
[WhiteTeam "Køge Skakklub"]
[BlackTeam "Køge Skakklub"]

1. e4 e5 2. Nf3 Nc6 3. Bb5 Nf6 4. O-O d6 5. Re1 Bg4 6. h3 Bh5 7. c3 Be7 8. d4
O-O 9. Bg5 h6 10. Bxf6 Bxf6 11. d5 Ne7 12. Be2 c6 13. c4 c5 14. Nbd2 Kh8 15. a3
b6 16. Rc1 a6 17. Nf1 g5 18. N3h2 Bg6 19. Bh5 Bh7 20. Ng4 Bg7 21. Ngh2 f5 22.
f3 fxe4 23. fxe4 Ng6 24. Bxg6 Bxg6 25. Ng3 Qd7 26. Nh5 b5 27. b3 bxc4 28. bxc4
Qe8 29. Nxg7 Kxg7 30. Rb1 Rb8 31. Qd3 a5 32. Rb5 a4 33. Nf1 Qe7 34. Nd2 Rxb5
35. cxb5 Rb8 36. Rb1 Qc7 37. Qc2 Qa7 38. Nc4 Qe7 39. b6 Kh8 40. Nd2 Be8 41. Qc4
Qd8 42. Qa6 Ra8 43. Qb7 Rb8 44. Qa7 Ra8 45. b7 Rxa7 46. b8=Q Ra8 47. Qxd8 Rxd8
48. Rb6 Bg6 49. Ra6 Rb8 50. Rxd6 1-0